000 00815cam a2200265 4500
001 ABS64120
008 000000n2001 000 0 eng u
035 _a(Sirsi) u113380
245 _aRegional survey: London boroughs south
260 _c2001
490 _aProperty Week
_v66(25) 22 June 2001, 55-62(6)
590 _aABS
650 _aLONDON BOROUGHS
650 _aSOUTH LONDON
650 _aMILLENNIUM DOME
650 _aGREENWICH
650 _aREGENERATION
650 _aPROPERTY-COMMERCIAL PROPERTY-OFFICE PROPERTY-OFFICE PROPERTY MARKET
650 _aCROYDON
650 _aINDUSTRIAL MARKET
650 _aSHOPPING CENTRES
650 _aPROPERTY-COMMERCIAL PROPERTY-RETAIL PROPERTY-RETAIL PROPERTY MARKET
690 _aPROPERTY-COMMERCIAL PROPERTY-COMMERCIAL PROPERTY MARKET
942 _n0
999 _c67547
_d67547